| 000 | 01158nam a2200265 4500 | ||
|---|---|---|---|
| 001 | 121062 | ||
| 003 | ES-MaACL | ||
| 005 | 20251009172048.0 | ||
| 007 | t| | ||
| 008 | 070214s1975 sp r ||||1| spa d | ||
| 020 | _a84-229-4025-6 | ||
| 245 | 0 | 0 |
_aPrensa y sociedad en España (1820-1936) / _c[Universidad de Pau, Centro de Investigaciones Hispánicas ; V Coloquio, 12 y 13 de abril de 1974 ; edición a cargo de Manuel Tuñón de Lara, Antonio Elorza y Manuel Pérez Ledesma]. |
| 260 |
_aMadrid : _bCuadernos para el Diálogo, _c1975. |
||
| 300 |
_a290 p. : _bgráf., map. ; _c21 cm. |
||
| 490 | 1 | _aColección I.T.S. [Instituto de Técnicas Sociales] | |
| 650 | 0 | 0 |
_aPrensa- _zEspaña- _yS.XIX. _916359 |
| 700 | 0 |
_aTuñón de Lara, Manuel, _d1915-1997 _9111681 |
|
| 700 | 1 |
_aElorza, Antonio, _d1943- _947089 |
|
| 700 | 1 |
_aPérez Ledesma, Manuel, _d1944-2018 _990962 |
|
| 710 | 2 |
_aUniversité de Pau et des pays de l'Adour. _bDépartement Pyrenaica. _9171775 |
|
| 710 | 2 |
_aCuadernos para el Diálogo. _93333 |
|
| 830 | 1 |
_aColección I.T.S. [Instituto de Técnicas Sociales] _9179830 |
|
| 852 |
_aES-MaACL _jE-8440 |
||
| 999 |
_c121062 _d121062 |
||